00720nam a22002172 450000100060000000300080000600500170001400800410003103500190007204000250009104100080011608200220012424501160014626000280026230000250029049000380031550400410035365100480039470000220044283000380046427964BD-RjUL20211209051225.0140329s1963 mau b 000 0 eng d a(BD-RjUL)28045 aLCbengcLCdBD-RjUL aeng04a942.067bREV 196304aThe Revolution of 1688 :bWhig triumph or palace revolution? /cedited with an introduction by Gerald M. Straka aBoston :bHeath,c1963. axiv, 98 p. ;c24 cm. 0aProblems in European civilization aIncludes bibliographical references. 0aGreat BritainxHistoryyRevolution of 1688.1 aStraka, Gerald M. 0aProblems in European civilization